header

The Methodists and revolutionary America, 1760-1800 (Record no. 118607)

MARC details
000 -LEADER
fixed length control field 01512nam a2200361 a 4500
082 04 - DEWEY DECIMAL CLASSIFICATION NUMBER
Classification number 287/.0973/09033
100 1# - MAIN ENTRY--AUTHOR NAME
Personal name Andrews, Dee.
245 14 - TITLE STATEMENT
Title The Methodists and revolutionary America, 1760-1800
260 ## - PUBLICATION, DISTRIBUTION, ETC. (IMPRINT)
Place of publication Princeton, N.J. :
Name of publisher Princeton University Press,
Year of publication c2000.
300 ## - PHYSICAL DESCRIPTION
Number of Pages xv, 367 p. :
Other physical details ill., map.
505 0# - FORMATTED CONTENTS NOTE
Formatted contents note pt. 1. Origins -- pt. 2. Social change -- pt. 3. Politics.
650 #0 - SUBJECT ADDED ENTRY--TOPICAL TERM
Topical Term Methodist Church
Topical Term Methodism
856 40 - ELECTRONIC LOCATION AND ACCESS
Uniform Resource Identifier http://site.ebrary.com/lib/rucke/Doc?id=10480677

No items available.

© 2026 Rongo University
Contact us: librarian | system librarian | Rongo university